| 000 | 01131cam a2200313 4500 | ||
|---|---|---|---|
| 008 | 090401t1996 xxu||||| |||| 00| 0 eng d | ||
| 020 | _a0406998949 | ||
| 035 | _a(Sirsi) u42652 | ||
| 041 | _aeng | ||
| 050 | _a306.026 | ||
| 100 | _aDriscoll, James | ||
| 245 | 2 | _aA guide to the Housing Act 1996. | |
| 260 |
_aLondon _bButterworths _c1996 |
||
| 300 | _axix,428p. ; 25cm. | ||
| 350 | _a25.5 | ||
| 490 | _aButterworths Annotated Legislation | ||
| 520 | _aProvides background and a detailed guide to the act, which includes provisions for the registration of social landlords, changes to leasehold enfranchisement rules, assured and assured shorthold tenancies and measures to deal with anti-social behaviour by tenants. Reprints the full text of the act with annotations. | ||
| 650 | _aANTI-SOCIAL BEHAVIOUR | ||
| 650 | _aASSURED SHORTHOLD TENANCIES | ||
| 650 | _aASSURED TENANCIES | ||
| 650 | _aHOUSING ACT 1996 | ||
| 650 | _aHOUSING BENEFIT | ||
| 650 | _aLEASEHOLD ENFRANCHISEMENT | ||
| 650 | _aLEASEHOLD REFORM | ||
| 650 | _aSOCIAL LANDLORDS | ||
| 690 | _aHOUSING | ||
| 942 | _n0 | ||
| 948 | _c04/03/1997 | ||
| 999 |
_c91165 _d91165 |
||